Operations reserach on spacing methods: a study of operational efficiency of family planning programme in Rupnagar district, Punjab (Record no. 2729)

MARC details
000 -LEADER
fixed length control field 00726nam a2200193Ia 4500
020 ## - INTERNATIONAL STANDARD BOOK NUMBER
ISBN 81-85835-37-3
082 ## - DEWEY DECIMAL CLASSIFICATION NUMBER
Classification number 363.96011 OPE;
245 #0 - TITLE STATEMENT
Title Operations reserach on spacing methods: a study of operational efficiency of family planning programme in Rupnagar district, Punjab
260 ## - PUBLICATION, DISTRIBUTION, ETC. (IMPRINT)
Place of publication Chandigarh
Name of publisher Centre for research in rural and industrial development
Year of publication 2000
300 ## - PHYSICAL DESCRIPTION
Number of Pages xii, 235p.
504 ## - BIBLIOGRAPHY, ETC. NOTE
Bibliography, etc Includes index
650 ## - SUBJECT ADDED ENTRY--TOPICAL TERM
Topical Term Birth control - Rupnagar District (Punjab)
650 ## - SUBJECT ADDED ENTRY--TOPICAL TERM
Topical Term Population research - Rupnagar District (Punjab )
650 ## - SUBJECT ADDED ENTRY--TOPICAL TERM
Topical Term Rupnagar District (Punjab) - Population - Economic aspects
650 ## - SUBJECT ADDED ENTRY--TOPICAL TERM
Topical Term Family planning
650 ## - SUBJECT ADDED ENTRY--TOPICAL TERM
Topical Term Operational research
700 ## - ADDED ENTRY--PERSONAL NAME
Personal name Abbi, B.L.
942 ## - ADDED ENTRY ELEMENTS (KOHA)
Koha item type Books
Holdings
Withdrawn status Lost status Damaged status Not for loan Home library Current library Date acquired Bill Date Full call number Accession Number Price effective from Koha item type
        NASSDOC Library NASSDOC Library 08/06/2004 2004-10-05 363.96011 OPE; 38508 18/04/2019 Books
        NASSDOC Library NASSDOC Library 08/06/2004 2004-10-05 363.96011 OPE; 38653 18/04/2019 Books